000 01375cam a22003137i 4500
005 20191224041614.0
008 010119s2000 sz ab b 000 0 eng d
015 _aGBA0-35377
020 _a2831705118
040 _a*UKM*
_c*UKM*
_dDSI
_d*HMZ*
_dCStRLIN
_dDLC
041 0 _aeng
_aspa
_apor
044 _asz
082 0 4 _a598.64
_bC97c
245 0 0 _aCurassows, guans and chachalacas :
_bwith Spanish and Portuguese translations /
_ccompiled by Daniel M. Brooks and Stuart D. Strahl ; with translations by Fernando González-Garcáa and Sérgio Luiz Pereira and contributions from the World Pheasant Association/Birdlife International/IUCN Cracid Specialist Group.
260 _aSwitzerland ;
_bIUCN,
_cc2000.
300 _aviii, 182 páginas :
_bilustraciones y mapas ;
_c28 cm.
504 _aIncluye referencias bibliográficas.
650 1 4 _aCracidae
_xConservación de especímenes
650 2 4 _aAves
_xConservación de especies
650 2 4 _aAves
_xClasificación
650 2 4 _aAves
_xIdentificación
650 2 4 _aAves terrestres
700 1 _aBrooks, Daniel M.,
_eCompilador
700 1 _aStrahl, Stuart D.,
_eCompiladora
906 _a7
_bcbc
_ccopycat
_d3
_encip
_f20
_gy-gencatlg
942 _2ddc
_cLIBRO
999 _c1804
_d1804